000 01709nam0a2200361 4500
001 RU\NLR\bibl\1335874
005 20260406164024.0
010 _a978-5-17-047533-9
_bАСТ
010 _a978-5-9713-6328-6
_bАСТ МОСКВА
_95000
021 _aRU
_b2008-104217
_96138
035 _a(NLR Aleph) 001321073
090 _a740268
_c740268
100 _a20090304d2008 |||y0rusy50 ca
101 0 _arus
102 _aRU
105 _aach |||||||||
200 1 _aЦари
_eАлександр II, Николай II
_fЭдвард Радзинский
210 _aМосква
_cАСТ
_cАСТ МОСКВА
_d2008 (печ. 2007)
215 _a1021, [1] с., [64] л. ил., цв. ил., факс., портр.
_cпортр.
_d24
600 0 _aАлександр
_cимператор российский
_dII
_f1818 - 1881
_xв художественной литературе
_9923635
_3RU\NLR\AUTH\6620184
600 0 _aНиколай
_cимператор российский
_dII
_f1868 - 1918
_xв художественной литературе
_91359585
_3RU\NLR\AUTH\66254230
686 _aШ6(2=Р)75-442
686 _aТ3(2)52,022.1
700 1 _4070
_7ca
_8rus
_aРадзинский
_bЭ. С.
_f1936-
_gЭдвард Станиславович
_3RU\NLR\AUTH\773667
_9113660
702 0 _4570
_8rus
_7ca
_aАлександр
_cимператор российский
_dII
_f1818-1881
_3RU\NLR\AUTH\7710521
_9120289
702 0 _4570
_8rus
_7ca
_aНиколай
_cимператор российский
_dII
_f1868-1918
_3RU\NLR\AUTH\773750
_9113742
801 0 _aRU
_bNLR
_c20090304
_gRCR
801 1 _aRU
_bNLR
_c20090304
942 _cBOOK
980 _aNB